00833nam a2200265Ia 450000500170000000800410001702000150005804100080007308200160008111000150009724500620011225000220017430000360019649000190023265000340025165000440028565000450032994200200037426400350039433600270042933700330045633800280048904000350051799900150055220220316235547.0121119s1994 ck gs s00 vuspa  a95808028150 aspa04a597.3bT31U2 aBBC91157913aEl tiburónhvideograbacióncBBC, productor Rob Harley aPrimera edición a1 videocasete (29 min.) c19 cm0 aTestigo ocular14aTiburonesvVideocasetes2LEMB14aAnimales predadoresvVideocasetes2LEMB14aAnimales acuáticosvVideocasetes2LEMB 2ddccVIDEOCASET aBogotá bVideo Factoryc1994 atextobtxt2rdacontent asin mediaciónbn2rdamedia avolumenbnc2rdacarrier aCO-BoRNBPbspaerdacCO-BoRNBP c1362d1362